الحجاج بن يوسف

Bibliographic Details
Main Author: زيدان, جرجي (Author)
Format: Book
Published: [s.l.] : al-Maktabat al-Sha'biyyah , [19--]
Subjects:

MARC

LEADER 00000cam a2200000 7i4500
001 0000027607
005 20040802093000.0
008 021119n
090 0 0 |a PJ7876.T4   |b A9 
100 0 |a زيدان, جرجي ,   |e author 
245 0 2 |a الحجاج بن يوسف   |c جرجي زيدان 
260 2 |a [s.l.] :   |b al-Maktabat al-Sha'biyyah ,   |c [19--] 
300 |a 302 p. ;   |c 17 cm. 
600 0 0 |a Hajjaj bin Yusof 
650 0 |a Arabic fiction 
650 0 |a Arabic literature   |y 20th century 
999 |a 1000055854   |b Book   |c OPEN SHELF (30 DAYS)   |e Gong Badak Campus 
999 |a 1000055855   |b Book   |c OPEN SHELF (30 DAYS)   |e Gong Badak Campus 
999 |a 1000062059   |b Book   |c OPEN SHELF (30 DAYS)   |e Gong Badak Campus